| 000 | 01435cam a22003494a 4500 | ||
|---|---|---|---|
| 001 | 12991445 | ||
| 003 | OSt | ||
| 005 | 20141023152835.0 | ||
| 008 | 021104s2003 nyu b 001 0 eng | ||
| 010 | _a 2002036929 | ||
| 020 | _a0415945739 | ||
| 020 | _a0415945747 (pbk.) | ||
| 040 |
_aDLC _cDLC _dDLC |
||
| 042 | _apcc | ||
| 050 | 0 | 0 |
_aHV640.3 _b.P76 2003 |
| 082 | 0 | 0 |
_a305.906914 _221 _bPRO 2003 |
| 245 | 0 | 0 |
_aProblems of protection : _bthe UNHCR, refugees, and human rights / _cedited by Niklaus Steiner, Mark Gibney, and Gil Loescher. |
| 260 |
_aNew York : _bRoutledge, _c2003. |
||
| 300 |
_aix, 350 p. ; _c24 cm. |
||
| 504 | _aIncludes bibliographical references and index. | ||
| 610 | 2 | 0 |
_aOffice of the United Nations High Commissioner for Refugees. _91511 |
| 650 | 0 |
_aRefugees _xGovernment policy. _91512 |
|
| 700 | 1 |
_aSteiner, Niklaus. _91513 |
|
| 700 | 1 |
_aGibney, Mark. _91514 |
|
| 700 | 1 |
_aLoescher, Gil. _91515 |
|
| 856 | 4 | 1 |
_3Table of contents only _uhttp://www.loc.gov/catdir/toc/fy037/2002036929.html |
| 856 | 4 | 2 |
_3Publisher description _uhttp://www.loc.gov/catdir/enhancements/fy0651/2002036929-d.html |
| 856 | 4 | 2 |
_3Contributor biographical information _uhttp://www.loc.gov/catdir/enhancements/fy1101/2002036929-b.html |
| 906 |
_a7 _bcbc _corignew _d1 _eocip _f20 _gy-gencatlg |
||
| 942 |
_2ddc _cSLOAN |
||
| 999 |
_c588 _d588 |
||